Les 50 états les plus militarisés du monde - Statistiques

Statistiques générales
  • Ce quiz a été pris 140 fois
  • Le résultat moyen est 21 sur 50
Statistiques - réponses
Rang Pays % Correct
26 Etats-Unis
99%
11 Russie
88%
44 Iran
69%
19 Irak
68%
1 Israël
63%
14 Corée-du-Sud
62%
13 Algérie
61%
17 Ukraine
59%
6 Arabie saoudite
58%
45 Egypte
58%
20 Maroc
58%
24 Pakistan
58%
23 Turquie
55%
21 Congo
48%
9 Emirats arabes unis
48%
18 Liban
48%
47 Tunisie
46%
12 Jordanie
45%
32 Libye
45%
2 Oman
44%
25 Biélorussie
43%
28 Vietnam
43%
29 Cuba
41%
4 Koweït
40%
3 Azerbaïdjan
36%
38 Birmanie
35%
15 Grèce
35%
41 Venezuela
35%
40 Mauritanie
34%
50 Serbie
34%
5 Arménie
32%
36 Finlande
32%
37 Ouzbékistan
32%
39 Mongolie
31%
35 Roumanie
31%
30 Tchad
31%
8 Bahreïn
30%
10 Singapour
30%
46 Soudan-du-Sud
29%
49 Angola
28%
31 Estonie
28%
33 Lituanie
28%
42 Cambodge
27%
34 Namibie
26%
16 Chypre
24%
48 Sri Lanka
24%
7 Brunei
23%
43 Uruguay
21%
22 Botswana
19%
27 Monténégro
18%
Aucun quiz correspondant
Distribution des résultats
% des personnes avec chaque résultat
Percentile par nombre de réponses
Votre historique - résultats
Vous n’avez pas pris ce quiz